Rocambole (Record no. 162423)

MARC details
000 -LEADER
campo de control de longitud fija 00916nam a22002055i 4500
001 - NÚMERO DE CONTROL
campo de control 162423
003 - IDENTIFICADOR DE NÚMERO DE CONTROL
campo de control ES-MaACL
005 - FECHA Y HORA DE LA ÚLTIMA TRANSACCIÓN
campo de control 20230906212525.0
008 - DATOS DE LONGITUD FIJA--INFORMACIÓN GENERAL
campo de control de longitud fija 020510s1903 sp |||| | spa d
040 ## - FUENTE DE CATALOGACIÓN
Centro catalogador/agencia de origen CAM
Lengua de catalogación spa
Centro/agencia transcriptor CAM
100 1# - ENTRADA PRINCIPAL--NOMBRE DE PERSONA
Nombre de persona Ponson du Terrail, Pierre Alexis de.
9 (RLIN) 93038
245 10 - MENCIÓN DEL TÍTULO
Título Rocambole
Resto del título : melodrama en cinco actos y un prólogo, dividido en diez cuadros /
Mención de responsabilidad, etc. arreglo hecho de la obra francesa de Ponson du Terrail por José Sánchez Gerona y Eduardo Carrió.
260 ## - PUBLICACIÓN, DISTRIBUCIÓN, ETC.
Lugar de publicación, distribución, etc. Madrid :
Nombre del editor, distribuidor, etc. [s.n.],
Fecha de publicación, distribución, etc. 1903 (
Fabricante Imprenta de Valero Diaz)
300 ## - DESCRIPCIÓN FÍSICA
Extensión 169 p. ;
Dimensiones 20 cm.
500 #1 - NOTA GENERAL
Nota general Estrenado en el Teatro de Novedades de Madrid la noche del 26 de noviembre de 1902.
596 #1 - NOTA AL PIE DE IMPRENTA
NOTA AL PIE DE IMPRENTA En verso de la antep. consta: "... Socieda de Autores Españoles ..."
700 11 - ENTRADA AGREGADA--NOMBRE PERSONAL
Nombre de persona Carrió, Eduardo,
Término indicativo de función/relación
9 (RLIN) 126360
700 11 - ENTRADA AGREGADA--NOMBRE PERSONAL
Nombre de persona Sánchez Gerona, José,
Término indicativo de función/relación
9 (RLIN) 133011
852 ## - LOCALIZACIÓN
Ubicación ES-MaACL
Número de control de estantería D-1441
Nota libre -- Enc. hol.
Holdings
Estatus retirado Estado de pérdida Estado de daño No para préstamo Biblioteca de origen Biblioteca actual Ubicación en estantería Fecha de adquisición Fuente de adquisición Total de préstamos Signatura topográfica completa Código de barras Visto por última vez Precio de reemplazo Tipo de ítem Koha
        Biblioteca del Ateneo de Madrid Biblioteca del Ateneo de Madrid Sala Valle Inclán 17/01/2008     D-1441 901170159 23/02/2023 23/02/2023 Libro impreso